000 004890000a22001810004500
041 0 _aSPA
082 0 4 _aG 234.8 W513e
100 1 _aWesley, Arturo F.
245 1 0 _aEl evangelio del EspĆ­ritu Santo / Arturo F. Wesley
260 _aBuenos Aires, Argentina : La Aurora
300 _a110 Pag
650 1 4 _aESPIRITU SANTO \ SANTIFICACION
001 4389
942 _cBK
999 _c34993
_d34993
336 _atexto
_btxt
_2rdacontent
337 _2rdamedia
_asin mediación
_bn
338 _2rdacarrier
_avolumen
_bnc